<?xml version="1.0" encoding="UTF-8"?><?xml-stylesheet type="text/xsl" href="static/style.xsl"?><OAI-PMH xmlns="http://www.openarchives.org/OAI/2.0/" xmlns:xsi="http://www.w3.org/2001/XMLSchema-instance" xsi:schemaLocation="http://www.openarchives.org/OAI/2.0/ http://www.openarchives.org/OAI/2.0/OAI-PMH.xsd"><responseDate>2026-04-18T22:13:31Z</responseDate><request verb="GetRecord" identifier="oai:riubu.ubu.es:10259/10936" metadataPrefix="marc">https://riubu.ubu.es/oai/request</request><GetRecord><record><header><identifier>oai:riubu.ubu.es:10259/10936</identifier><datestamp>2025-10-08T00:05:36Z</datestamp><setSpec>com_10259_6781</setSpec><setSpec>com_10259_5086</setSpec><setSpec>com_10259_2604</setSpec><setSpec>col_10259_10930</setSpec></header><metadata><record xmlns="http://www.loc.gov/MARC21/slim" xmlns:doc="http://www.lyncode.com/xoai" xmlns:xsi="http://www.w3.org/2001/XMLSchema-instance" xmlns:dcterms="http://purl.org/dc/terms/" xsi:schemaLocation="http://www.loc.gov/MARC21/slim http://www.loc.gov/standards/marcxml/schema/MARC21slim.xsd">
<leader>00925njm 22002777a 4500</leader>
<datafield tag="042" ind1=" " ind2=" ">
<subfield code="a">dc</subfield>
</datafield>
<datafield tag="720" ind1=" " ind2=" ">
<subfield code="a">Lara Vences, Carlos de</subfield>
<subfield code="e">author</subfield>
</datafield>
<datafield tag="260" ind1=" " ind2=" ">
<subfield code="c">2024</subfield>
</datafield>
<datafield tag="520" ind1=" " ind2=" ">
<subfield code="a">En España, se parte de una ausencia de regulación positiva concreta hasta&#xd;
el siglo XIX, para posteriormente ir regulándose la propiedad horizontal y la&#xd;
obligación de pago para el mantenimiento del edificio, inicialmente mediante&#xd;
el artículo 396 CC y, posteriormente, a través de una fórmula mixta: Código&#xd;
Civil y ley especial.&#xd;
Lo que fue una tímida regulación inicial a través del artículo 396 CC original, se fue complementado en sus sucesivas reformas y a través de la promulgación de la Ley de Propiedad Horizontal. Esta regulación prosiguió con&#xd;
sucesivas reformas legales de la ley especial hasta llegar a la Ley 10/2022,&#xd;
de 14 de junio, de medidas urgentes para impulsar la actividad de rehabilitación edificatoria en el contexto del Plan de Recuperación, Transformación y&#xd;
Resiliencia. Esta ley es la que introduce las medidas disuasorias en nuestro&#xd;
ordenamiento jurídico.</subfield>
</datafield>
<datafield tag="024" ind2=" " ind1="8">
<subfield code="a">978-84-1194-792-3</subfield>
</datafield>
<datafield tag="024" ind2=" " ind1="8">
<subfield code="a">https://hdl.handle.net/10259/10936</subfield>
</datafield>
<datafield tag="245" ind1="0" ind2="0">
<subfield code="a">Evolución histórica de la obligación de pago en la propiedad horizontal</subfield>
</datafield>
</record></metadata></record></GetRecord></OAI-PMH>